| 000 | 01123nam a22002657a 4500 | ||
|---|---|---|---|
| 999 |
_c21362 _d21362 |
||
| 003 | AR-CdUCM | ||
| 008 | 190305b ||||| |||| 00| 0 spa d | ||
| 020 | _a9789972263989 | ||
| 040 |
_aMUNICIPALIDAD PROVINCIAL DEL CUSCO _cBIBLIOTECA MUNICIPAL DEL CUSCO |
||
| 082 |
_a321.8/C20 _bC20 |
||
| 110 |
_aComisión de Alto Nivel para la Reforma Política _944551 |
||
| 245 | _aHacia la democracia del bicentenario / | ||
| 260 |
_aLima ; _bKAS, _c2019. |
||
| 300 |
_a427 Páginas. : _c23 cm. |
||
| 505 | _aContenido: Diagnostico del funcionamiento de la política peruana -- Proyecto de ley de reforma constitucional para promover gobernabilidad -- Proyecto de ley que modifica la ley orgánica de elecciones respecto al sistema electoral nacional ... | ||
| 650 |
_aDemocracia peruana _944552 |
||
| 650 |
_aReforma constitucional _944553 |
||
| 650 |
_aOrganizaciones políticas _944554 |
||
| 650 |
_aLegislación electoral _944555 |
||
| 700 |
_aTuesta Soldevilla, Fernando _944556 |
||
| 700 |
_aBensa Morales, Jessica Violeta _944557 |
||
| 700 |
_aCampos Ramos, Milagros _944558 |
||
| 942 |
_2ddc _cLIBROS |
||
| 945 | _aRoel | ||